Normal view MARC view

Entry Topical Term

Number of records used in: 3

001 - CONTROL NUMBER

  • control field: 49165

003 - CONTROL NUMBER IDENTIFIER

  • control field: OSt

005 - DATE AND TIME OF LATEST TRANSACTION

  • control field: 20240725100520.0

008 - FIXED-LENGTH DATA ELEMENTS

  • fixed length control field: 240725|| aca||aabn | a|a d

040 ## - CATALOGING SOURCE

  • Original cataloging agency: OSt
  • Transcribing agency: OSt

150 ## - HEADING--TOPICAL TERM

  • Topical term or geographic name entry element: သံဃာ၊
  • General subdivision: စည်းမျဥ်းစည်းကမ်း။

670 ## - SOURCE DATA FOUND

  • Source citation: Work cat.: (OSt): ပညာ‌ဇောတထေရ်၊ဘဒ္ဒန္တ။ 49164, ဒုလ္လဘမြန်မာဝိနည်းကျမ်း /, ၁၉၉၃။

Library - 09407999929
Admin Office - 09407999979
Dean Office - 09250910768
Registrar Office - 09892297154
Email - [email protected]
Shan State Buddhist University, Phaya Phyu Taunggyi, Shan State, Myanmar.